Largest Cities in Asia Beginning With the Letter 'K' - Statistics

General Stats
  • This quiz has been taken 196 times
    178 since last reset
  • The average score is 12 of 19
Answer Stats
# Population Country Answer % Correct
5 4,800,000 Afghanistan Kābul
99%
1 19,100,000 Pakistan Karāchi
99%
8 3,075,000 Nepal Kathmandu
98%
2 17,400,000 India Kolkata
98%
3 9,100,000 Malaysia Kuala Lumpur
98%
6 4,200,000 Kuwait Kuwait City
98%
4 6,250,000 China Kunming
76%
9 2,775,000 Taiwan Kaohsiung
71%
7 3,600,000 India Kanpur
70%
15 1,270,000 Russia Krasnoyarsk
56%
13 1,370,000 Turkey Konya
53%
10 1,980,000 Japan Kitakyūshū
45%
18 1,140,000 Bangladesh Khulna
42%
11 1,640,000 India Kochi
42%
19 1,130,000 Turkey Kayseri
34%
12 1,520,000 India Kotā
27%
17 1,150,000 Japan Kumamoto
25%
14 1,270,000 China Kāifēng
18%
16 1,220,000 Indonesia Karawang
8%
No matching quizzes found
Score Distribution
Percent of People with Each Score
Percentile by Number Answered
Your Score History
You have not taken this quiz since the last reset